00453nam a2200181Ia 4500008004100000020001400041050001400055100002400069245001900093245005900112260001500171260001600186260000900202300001500211300002700226300001000253500000800263170918s9999 xx 000 0 und d a439098173 bP296 1992 aPaterson, Katherine aKing's equal / cKatherine Paterson ; illustrated by Curtis Woodbridge. aNew York : bScholastic, c1992 a56 pages : bcolored illustration ; c19cm. a780